[Event "17th Aeroflot Open-A 2019"]
[Site "Moscow"]
[Date "2019.02.26"]
[Round "8.15"]
[White "Hakobyan, Aram"]
[Black "Zvjaginsev, Vadim"]
[Result "1-0"]
[WhiteElo "2545"]
[BlackElo "2642"]
[Annotator "TA"]
[PlyCount "67"]
[EventDate "2019.02.19"]
[EventCountry "RUS"]
[SourceTitle "playchess.com"]
[Source "ChessBase"]
[SourceQuality "1"]

{[%evp 11,67,21,28,19,15,21,15,10,49,14,73,6,6,11,7,7,24,14,28,32,28,17,17,11,39,42,59,41,43,46,61,61,56,58,48,50,122,43,96,96,100,100,100,97,109,111,733,237,711,692,646,631,1190,1117,29992,29993,29995,29996]} 1. e4 c5 2. Nf3 d6 3. Bb5+ Bd7 4. Bxd7+ Qxd7 5. c4 e5 6. Nc3 g6 7. O-O {B52: Sicilian: Moscow Variation with 3...Bd7} Bg7 8. a3 Ne7 9. b4 {The position is equal.} O-O 10. d3 f5 (10... Nbc6 $11) 11. bxc5 (11. b5 $16) 11... dxc5 $11 12. Nd5 Nbc6 13. a4 b6 {[#]} 14. Bd2 $146 fxe4 (14... Rae8 {is more complex.} 15. Qb3 Qc8 16. Rac1 h6 17. a5 bxa5 18. Qa4 Nb4) 15. dxe4 Nd4 16. Nxd4 exd4 17. Qb3 Nxd5 18. cxd5 Rfe8 19. Rfe1 a6 20. Rac1 ({Much weaker is} 20. Qxb6 c4 $15) 20... Rac8 $1 21. Qxb6 c4 22. Qxa6 c3 23. Bf4 Qf7 (23... Rf8 $14 24. Bg3 Ra8) 24. Bg3 ({White should play} 24. g3 $1 $16) 24... Bh6 (24... Ra8 $1 $14 25. Qd3 Rxa4) 25. f4 $16 Bxf4 26. Bxf4 Qxf4 {[#]} 27. d6 $1 {[%cal Rd6d7]} Rf8 {[#] aiming for ...c2.} 28. d7 $1 $36 {[%cal Rd7c8][%mdl 2048] White is on the roll.} Qf2+ (28... Rcd8 $16 {is a better defense.}) 29. Kh1 $18 Rcd8 $2 (29... Ra8 30. Qc4+ Qf7 31. Qxd4 Rad8 32. Qxc3 (32. Red1 c2 $16) 32... Rxd7) 30. Rf1 Qe3 31. Rce1 (31. Qe6+ Kg7 $16) 31... Rxf1+ 32. Rxf1 {Qf6 would kill now.} Qxe4 33. Qf6 Qa8 34. Qe6+ {Accuracy: White = 81%, Black = 31%.} 1-0

[Event "17th Aeroflot Open-A 2019"]
[Site "Moscow"]
[Date "2019.02.26"]
[Round "8.16"]
[White "Paravyan, David"]
[Black "Afanasiev, Nikita"]
[Result "1-0"]
[WhiteElo "2627"]
[BlackElo "2508"]
[Annotator "TA"]
[PlyCount "67"]
[EventDate "2019.02.19"]
[EventCountry "RUS"]
[SourceTitle "playchess.com"]
[Source "ChessBase"]
[SourceQuality "1"]

{[%evp 17,67,30,42,22,45,47,53,45,51,38,49,27,81,104,103,97,110,97,133,154,172,139,161,143,145,146,342,127,107,99,160,147,158,173,176,150,228,225,231,224,391,389,388,382,623,634,632,628,605,604,702,672]} 1. e4 e5 2. Nf3 Nc6 3. Bb5 a6 4. Ba4 d6 5. O-O Bd7 6. c3 Nge7 7. d4 Ng6 8. Be3 Be7 9. Nbd2 O-O 10. Rc1 {C75: Ruy Lopez: Deferred Steinitz: 5 c3 Bd7 6 d4 without ...g6} (10. Re1 Kh8 11. Bc2 Bf6 12. Rc1 Qe7 13. h3 Rae8 14. a3 a5 15. d5 Nd8 16. b4 axb4 17. cxb4 c6 18. dxc6 bxc6 {1-0 (36) Hansen,E (2616)-Vavulin,M (2604) Jurmala 2017}) 10... Re8 $146 ({Predecessor:} 10... Bf6 11. d5 Nce7 12. c4 b5 13. Bb3 bxc4 14. Nxc4 Bb5 15. Qc2 Rc8 16. Rfd1 a5 17. Nxa5 c6 18. Nxc6 Nxc6 19. dxc6 Bxc6 20. Qd3 Be7 21. Bc4 Qd7 22. b3 Qg4 23. Ba6 Rc7 24. Rc4 {1-0 (24) Ailasmaa,K-Piipponen,J Finland 1995}) 11. d5 Nb8 12. c4 {White is slightly better.} c6 13. b4 b5 14. Bc2 cxd5 (14... a5 $11 {keeps the balance.}) 15. exd5 $16 a5 16. c5 $36 {[%mdl 2048] White is on the roll.} Na6 17. c6 Bc8 18. a4 {[%cal Ba2a4,Ba4b5][%mdl 32]} Nc7 19. Bb6 {axb5 is the strong threat.} axb4 20. axb5 Rb8 21. Nc4 {aiming for Bxg6.} Bg4 $2 {[#]} (21... Nf4 $16) 22. Qd3 $2 (22. Bxg6 $18 {has better winning chances.} hxg6 23. Bxc7 Qxc7 24. b6 Rxb6 25. Nxb6 Qxb6 26. Rc4) 22... Rxb6 23. Nxb6 Qb8 ({Black should play} 23... f5) 24. Nc4 Qxb5 25. Ne3 {Black must now prevent Qxb5.} Qxd3 26. Bxd3 Nf4 {[#]} (26... f5 $16) 27. Bc4 $1 $18 ({Not} 27. Nxg4 Nxd3 28. Rcd1 Nf4 $14) 27... e4 28. Nd4 ({Don't take} 28. Nxg4 $6 exf3 29. Ne3 (29. gxf3 Nfxd5 30. Bxd5 Nxd5 $16) 29... Bf6 $16) 28... Bf6 $2 (28... h5 29. Nxg4 hxg4) 29. Nb5 (29. Nxg4 Bxd4 30. g3 Nh3+ 31. Kg2 Ng5 $16) 29... Nxb5 30. Bxb5 ({Weaker is} 30. Nxg4 Nc3 $16) 30... Ne2+ $2 (30... Bc8 31. c7 Kf8) 31. Bxe2 $1 {White is clearly winning.} Bxe2 32. c7 Bc3 33. Nf5 Bxf1 34. Kxf1 {Accuracy: White = 54%, Black = 38%.} 1-0

[Event "17th Aeroflot Open-A 2019"]
[Site "Moscow"]
[Date "2019.02.26"]
[Round "8.17"]
[White "Sadhwani, Raunak"]
[Black "Grachev, Boris"]
[Result "1/2-1/2"]
[WhiteElo "2448"]
[BlackElo "2626"]
[Annotator "ChessBase"]
[PlyCount "26"]
[EventDate "2019.02.19"]
[EventCountry "RUS"]
[SourceTitle "playchess.com"]
[Source "ChessBase"]
[SourceQuality "1"]
[TimeControl "40/5400+30:1800+30"]

1. e4 {[%emt 0:00:00]} c5 {[%emt 0:00:00]} 2. Nf3 {[%emt 0:00:00]} e6 {[%emt 0:00:06]} 3. d4 {[%emt 0:00:00]} cxd4 {[%emt 0:00:03]} 4. Nxd4 {[%emt 0:00:00]} Nc6 {[%emt 0:00:11]} 5. Nc3 {[%emt 0:00:00]} a6 {[%emt 0:00:06]} 6. Nxc6 {[%emt 0:00:00]} bxc6 {[%emt 0:00:04]} 7. Bd3 {[%emt 0:00:06]} d5 {[%emt 0:00:24]} 8. O-O {[%emt 0:00:06]} Nf6 {[%emt 0:00:04]} 9. Qf3 {[%emt 0:00:11]} Be7 {[%emt 0:00:27]} 10. Qg3 {[%emt 0:00:09]} Nh5 {[%emt 0:02:01]} 11. Qf3 {[%emt 0:00:06]} Nf6 {[%emt 0:00:38]} 12. Qg3 {[%emt 0:00:05]} Nh5 {[%emt 0:01:28]} 13. Qf3 {[%emt 0:00:05]} Nf6 {[%emt 0:00:03]} 1/2-1/2

[Event "17th Aeroflot Open-A 2019"]
[Site "Moscow"]
[Date "2019.02.26"]
[Round "8.18"]
[White "Van Foreest, Jorden"]
[Black "Aleksandrov, Aleksej"]
[Result "1/2-1/2"]
[WhiteElo "2618"]
[BlackElo "2574"]
[Annotator "TA"]
[PlyCount "89"]
[EventDate "2019.02.19"]
[EventCountry "RUS"]
[SourceTitle "playchess.com"]
[Source "ChessBase"]
[SourceQuality "1"]

{[%evp 20,89,17,15,5,16,10,0,35,31,65,35,39,40,54,0,25,0,0,0,0,0,0,0,0,0,0,-36,-13,-31,-27,-30,0,0,0,0,0,-4,0,0,0,0,0,0,0,0,0,0,0,0,0,0,0,0,5,0,0,0,0,0,0,0,0,0,0,0,0,0,0,0,0,0]} 1. e4 e5 2. Nf3 Nc6 3. Bc4 Bc5 4. c3 Nf6 5. d3 d6 6. O-O h6 7. Re1 O-O {C54: Giuoco Piano: 4 c3 Nf6, main lines with 5 d4 and 5 d3} 8. Nbd2 a5 9. Nf1 Bb6 10. Ng3 Be6 11. Bb5 {LiveBook: 4 Games} Qb8 $146 ({Predecessor:} 11... Ne7 12. d4 c6 13. Bd3 Qc7 14. h3 c5 15. d5 {1-0 (81) Ragger,M (2701)-McShane,L (2667) Germany 2018}) 12. d4 Qa7 {[%cal Re5d4]} 13. Be3 {[#] Strongly threatening d5.} Ne7 14. h3 a4 15. Qd2 (15. dxe5 Bxe3 16. Rxe3 dxe5 $15) 15... Kh7 16. Bd3 Qa5 17. dxe5 (17. Re2 $14) 17... dxe5 18. Nxe5 Bxe3 ({Inferior is} 18... Qxe5 19. Bf4 $16) 19. Qxe3 Qxe5 ({Of course not} 19... a3 $6 20. Nc4 $16) 20. f4 Qa5 {[#] And now ...Kg8 would win.} 21. e5+ Kg8 {aiming for ...Nfd5.} 22. exf6 Nd5 23. Qf3 {Hoping for fxg7.} Nxf6 24. Ne4 ({Don't play} 24. Qxb7 Rab8 $17) 24... Qb6+ 25. Kh1 Bf5 26. Nxf6+ {The position is equal.} Qxf6 27. Bxf5 Qxf5 28. Re7 b5 29. Re5 Qc2 30. Rxb5 Rab8 31. Qc6 Rxb5 32. Qxb5 $11 {[%mdl 4096] Endgame KQR-KQR} a3 33. bxa3 Qxc3 34. Rd1 Qxa3 35. Qc4 Qe7 36. a4 Ra8 37. Kh2 c5 38. Rb1 Qa7 39. Qe4 Rf8 40. Rb5 Qa8 41. Qc4 Rc8 42. Rb3 Rd8 43. Rc3 Qb8 44. Rb3 Qc7 45. Rc3 {Precision: White = 67%, Black = 81%.} 1/2-1/2

[Event "17th Aeroflot Open-A 2019"]
[Site "Moscow"]
[Date "2019.02.26"]
[Round "8.19"]
[White "Idani, Pouya"]
[Black "Sychev, Klementy"]
[Result "1/2-1/2"]
[WhiteElo "2604"]
[BlackElo "2545"]
[Annotator "TA"]
[PlyCount "80"]
[EventDate "2019.02.19"]
[EventCountry "RUS"]
[SourceTitle "playchess.com"]
[Source "ChessBase"]
[SourceQuality "1"]

{[%evp 14,80,-10,-32,-17,0,13,0,0,0,0,0,9,0,9,0,0,0,52,59,62,66,60,27,21,0,14,0,0,8,25,27,27,23,20,19,29,30,19,29,22,19,31,36,37,9,8,8,12,0,0,0,0,0,0,0,0,-33,-29,-32,0,0,0,0,0,0,0,0,0]} 1. e4 e5 2. Nf3 Nc6 3. d4 exd4 4. Nxd4 Nf6 5. Nxc6 bxc6 6. e5 Qe7 7. Qe2 Nd5 8. h4 a5 {[%cal Ba7a5,Ba5a4][%mdl 32] C45: Scotch Game} 9. g3 Nb6 $146 ({Predecessor:} 9... Ba6 10. c4 Nb6 11. b3 a4 12. Bg2 Qe6 13. O-O d5 14. Nd2 Be7 15. Nf3 Qg4 16. Bf4 {1-0 (55) Cheparinov,I (2702)-Xiang,Z (2411) China 2018}) 10. b3 a4 11. Ba3 Qd8 {[#] ...Bxa3 is the strong threat.} 12. Bxf8 Kxf8 13. Nc3 Qe7 14. Qe3 axb3 15. cxb3 Qb4 ({Black should play} 15... h5 $11) 16. Bg2 $1 $14 Nd5 17. Bxd5 cxd5 18. O-O-O (18. Rd1 {is interesting.} c6 19. Rd4 Qb6 20. Na4 Qb5 21. h5) 18... Bb7 {[#] Strongly threatening ...d4.} 19. Kb1 Qa5 20. Rd4 c5 21. Ra4 d4 22. Rxa5 dxe3 23. Rxa8+ Bxa8 $11 {[%mdl 4096] Endgame KRB-KRN} 24. Rh2 exf2 25. Rxf2 Ke7 26. Na4 Rc8 27. Kb2 Rc7 28. Nb6 Bb7 29. Nc4 Bd5 30. Nd6 Ke6 31. Nxf7 c4 32. Rf4 cxb3 33. axb3 h6 34. h5 Rc8 35. g4 Rb8 {[%mdl 1024] Black has compensation.} 36. b4 Ra8 37. Kc3 {The position is equal.} Rc8+ 38. Kd3 Rc1 39. Kd2 Rc8 40. Kd3 Rc1 {Accuracy: White = 59%, Black = 59%.} 1/2-1/2

[Event "17th Aeroflot Open-A 2019"]
[Site "Moscow"]
[Date "2019.02.26"]
[Round "8.20"]
[White "Petrosyan, Manuel"]
[Black "Jumabayev, Rinat"]
[Result "1-0"]
[WhiteElo "2564"]
[BlackElo "2604"]
[Annotator "TA"]
[PlyCount "57"]
[EventDate "2019.02.19"]
[EventCountry "RUS"]
[SourceTitle "playchess.com"]
[Source "ChessBase"]
[SourceQuality "1"]

{[%evp 17,57,7,19,11,32,17,36,22,33,8,57,58,60,64,66,64,102,100,93,100,87,95,121,133,170,169,165,115,116,110,113,76,298,339,497,484,421,440,570,434,766,745]} 1. d4 g6 2. e4 Bg7 3. c4 d6 4. Nc3 Nf6 5. Be2 O-O 6. Be3 c5 7. dxc5 Qa5 8. Bd2 Qxc5 9. Nf3 Nc6 10. O-O {E74: King's Indian: Averbakh Variation: 6...c5} Bg4 11. b3 (11. Be3 $5 {[%cal Re3c5]} Qa5 12. Rc1 $11) 11... Rfc8 12. Rc1 {White is slightly better.} Qa5 13. h3 $146 ({Predecessor:} 13. Re1 Nd7 14. Na4 Qd8 15. Be3 Bxf3 16. Bxf3 b6 17. Bg4 e6 18. Be2 {0-1 (57) Konyshev,A (2252)-Shomoev,A (2562) Novokuznetsk 2008}) 13... Bd7 (13... Bxf3 $5 14. Bxf3 Nd7 $14) 14. Re1 Rab8 15. Bf1 Qd8 16. Nd5 Nh5 17. Bg5 h6 18. Be3 Qf8 19. Qd2 Kh7 20. c5 Nf6 21. Nxf6+ Bxf6 22. cxd6 exd6 23. Bf4 Be7 24. e5 {[%cal Re5d6]} dxe5 $2 {[#]} (24... d5 $16 {might work better.}) 25. Qxd7 $18 Ba3 (25... Rd8 $142 26. Nxe5 Nxe5) 26. Rxc6 {White is clearly winning.} Rxc6 27. Nxe5 Rf6 28. Bg3 Bc5 (28... Rd8 $142 29. Qxb7 Qe7) 29. Ng4 {[%mdl 64] Discovered Attack. Accuracy: White = 82%, Black = 24%.} 1-0

[Event "17th Aeroflot Open-A 2019"]
[Site "Moscow"]
[Date "2019.02.26"]
[Round "8.21"]
[White "Xu, Yi"]
[Black "Narayanan.S.L"]
[Result "1/2-1/2"]
[WhiteElo "2520"]
[BlackElo "2593"]
[Annotator "ChessBase"]
[PlyCount "23"]
[EventDate "2019.02.19"]
[EventCountry "RUS"]
[SourceTitle "playchess.com"]
[Source "ChessBase"]
[SourceQuality "1"]
[TimeControl "40/5400+30:1800+30"]

1. e4 {[%emt 0:00:00]} e5 {[%emt 0:00:00]} 2. Nf3 {[%emt 0:00:00]} Nc6 {[%emt 0:00:00]} 3. Nc3 {[%emt 0:00:00]} Nf6 {[%emt 0:00:00]} 4. d4 {[%emt 0:00:00]} exd4 {[%emt 0:00:27]} 5. Nxd4 {[%emt 0:00:00]} Bb4 {[%emt 0:00:49]} 6. Nxc6 {[%emt 0:00:00]} bxc6 {[%emt 0:00:05]} 7. Bd3 {[%emt 0:00:00]} d5 {[%emt 0:00:18]} 8. exd5 {[%emt 0:00:00]} cxd5 {[%emt 0:00:07]} 9. O-O {[%emt 0:00:03]} O-O {[%emt 0:00:14]} 10. Bg5 {[%emt 0:00:04]} c6 {[%emt 0:01:39]} 11. Qf3 {[%emt 0:00:08]} Be7 {[%emt 0:01:58]} 12. Rae1 {[%emt 0:00:21]} 1/2-1/2

[Event "17th Aeroflot Open-A 2019"]
[Site "Moscow"]
[Date "2019.02.26"]
[Round "8.22"]
[White "Svane, Rasmus"]
[Black "Kovalev, Vladislav"]
[Result "0-1"]
[WhiteElo "2599"]
[BlackElo "2703"]
[Annotator "TA"]
[PlyCount "99"]
[EventDate "2019.02.19"]
[EventCountry "RUS"]
[SourceTitle "playchess.com"]
[Source "ChessBase"]
[SourceQuality "1"]

{[%evp 14,99,43,41,58,52,54,41,62,65,99,113,102,93,112,115,107,120,133,125,127,68,79,75,62,72,98,84,73,78,65,0,0,0,0,0,10,0,0,0,0,-12,-15,-14,-39,-43,-19,-15,-13,-14,-13,-175,-181,-178,-197,-165,-172,-817,-757,-812,-768,-750,-802,-510,-508,-1129,-1088,-1071,-1030,-884,-1168,-877,-1495,-1588,-1298,-1081,-796,-931,-760,-1260,-824,-1951,-1925,-29982,-29983,-29982,-29983,-29988]} 1. d4 Nf6 2. c4 g6 3. Nc3 Bg7 4. e4 d6 5. h3 O-O 6. Be3 c5 7. Nf3 cxd4 8. Nxd4 b6 {E90: King's Indian: Classical: Early deviations and 6 h3} 9. Qd2 Bb7 10. f3 Nbd7 {White is slightly better.} 11. Bh6 e6 $146 {[#]} ({Predecessor:} 11... Bxh6 12. Qxh6 e6 13. O-O-O a6 14. h4 Nh5 15. Rh3 Qf6 16. Nde2 {½-½ (45) Grandelius,N (2655)-Chigaev,M (2599) Porto Carras 2018}) 12. Bxg7 $1 Kxg7 13. O-O-O d5 14. exd5 exd5 15. h4 h5 16. Qg5 Re8 17. Bd3 (17. Nf5+ $16 Kg8 18. Nd6 (18. cxd5 Re5 $16 {[%mdl 64] Pin}) (18. Nxd5 Nxd5 19. Qxd8 Raxd8 $17)) 17... Ne5 $14 18. Bc2 Nh7 19. Qxd8 $1 Raxd8 20. cxd5 a6 21. Rhe1 Nf6 22. Be4 (22. Ne6+ $1 $14 fxe6 23. Rxe5) 22... Bxd5 $11 23. Nxd5 Nxd5 24. Bxd5 Nd3+ 25. Rxd3 Rxe1+ 26. Kd2 {Black must now prevent Nf5+!} Rg1 27. Bb7 {Hoping for Ne6+!} Rxg2+ 28. Kc3 Kf6 29. Bxa6 Rh2 30. a4 Rxh4 31. b4 Rh1 32. a5 $2 {[#]} (32. Nb3 $11 {and White is okay.} Rb8 33. Nd2) 32... bxa5 $1 $19 33. bxa5 Ra8 34. Bc4 Rxa5 35. Nc6 $2 (35. Ne2) 35... Ra3+ 36. Kd4 Rxd3+ 37. Bxd3 h4 38. Ne5 h3 39. Ng4+ (39. f4 $142 h2 40. Nf3) 39... Kg5 40. Nf2 Rh2 41. Ke3 Kh4 42. f4 f5 43. Kf3 Rg2 44. Bc4 Rg3+ 45. Ke2 Rc3 46. Bf7 Kg3 {And now ...Rc2+ would win.} 47. Nh1+ Kxf4 48. Bxg6 Rc2+ 49. Kd3 Rh2 50. Kd4 {Accuracy: White = 50%, Black = 79%.} 0-1

[Event "17th Aeroflot Open-A 2019"]
[Site "Moscow"]
[Date "2019.02.26"]
[Round "8.23"]
[White "Santos Ruiz, Miguel"]
[Black "Mamedov, Rauf"]
[Result "1/2-1/2"]
[WhiteElo "2554"]
[BlackElo "2703"]
[Annotator "TA"]
[PlyCount "69"]
[EventDate "2019.02.19"]
[EventCountry "RUS"]
[SourceTitle "playchess.com"]
[Source "ChessBase"]
[SourceQuality "1"]

{[%evp 22,69,33,27,27,39,32,8,27,24,33,27,54,30,22,6,72,60,50,16,83,45,52,64,48,9,12,-16,-13,-17,-16,-18,-10,-15,-14,-13,-14,-95,-16,-12,-17,-14,0,-13,0,0,4,0,0,0]} 1. d4 Nf6 2. c4 g6 3. Nc3 Bg7 4. e4 d6 5. f3 O-O 6. Be3 c5 7. Nge2 Nc6 8. d5 Ne5 9. Ng3 e6 10. Be2 exd5 11. cxd5 a6 12. O-O b5 {A65: Modern Benoni: 6 e4} 13. Qd2 (13. a3 Rb8 14. b4 c4 15. Qd2 Bd7 16. Nh1 Ne8 17. Nf2 Rc8 18. Bd4 f5 19. f4 Nf7 20. Bxg7 Nxg7 {½-½ (45) Nielsen,P (2654)-Kovalev,V (2554) Dubai 2014}) 13... Re8 14. Bh6 Bxh6 $146 ({Predecessor:} 14... Bh8 15. Nd1 Qb6 16. Rc1 a5 17. Ne3 a4 18. a3 c4 19. Rf2 Ned7 20. Qb4 Qc5 {½-½ (20) Donnelly,M (2486)-Ponomarev,A (2474) ICCF email 2008}) 15. Qxh6 Kh8 16. Qd2 (16. Nd1 {seems wilder.} c4 17. Qe3 a5 18. b3 Ba6 19. Nf2) 16... Ng8 17. f4 Nd7 18. Rae1 Bb7 (18... Ngf6 $11) 19. Bg4 Nb6 20. b3 Qf6 (20... Nf6 $11 21. Bh3 b4) 21. e5 Qh4 22. Bf3 {[#] Threatens to win with Nge4.} dxe5 23. fxe5 {Hoping for Nge4.} Qd4+ 24. Qxd4 (24. Rf2 {keeps more tension.} Nd7 25. e6 fxe6 26. dxe6 Bxf3 27. exd7 Rxe1+ 28. Qxe1 Bc6 29. Nce4) 24... cxd4 25. Nce4 {Strongly threatening Nd6.} Rxe5 26. Nd6 Rxe1 27. Rxe1 Bxd5 28. Bxd5 Nxd5 29. Nxf7+ Kg7 30. Ng5 {The position is equal.} d3 31. Ne6+ Kf7 32. Nc5 Nb4 33. Nge4 Kg7 34. a3 Nc2 35. Rd1 {Accuracy: White = 56%, Black = 51%.} 1/2-1/2

[Event "17th Aeroflot Open-A 2019"]
[Site "Moscow"]
[Date "2019.02.26"]
[Round "8.24"]
[White "Abdusattorov, Nodirbek"]
[Black "Safarli, Eltaj"]
[Result "1-0"]
[WhiteElo "2560"]
[BlackElo "2681"]
[Annotator "TA"]
[PlyCount "97"]
[EventDate "2019.02.19"]
[EventCountry "RUS"]
[SourceTitle "playchess.com"]
[Source "ChessBase"]
[SourceQuality "1"]

{[%evp 9,97,28,43,48,52,39,34,32,50,28,60,61,54,58,62,64,64,34,92,92,75,85,76,73,93,66,70,67,69,75,72,67,57,67,79,57,81,22,34,35,26,0,0,0,0,0,0,0,0,-10,0,0,8,13,67,74,52,62,140,99,177,172,169,162,256,233,214,149,147,112,162,153,475,505,579,541,29968,29971,29971,29972,29972,29971,29965,29967,29988,29989,29989,29990,29990,29991]} 1. e4 d5 2. exd5 Qxd5 3. Nc3 Qd8 4. d4 Nf6 5. h3 (5. Nf3 g6 6. Be2 Bg7 7. O-O O-O 8. h3 Nc6 9. Be3 b6 10. Qd2 Bb7 11. Rad1 e6 12. Bh6 Ne7 13. Bxg7 Kxg7 {½-½ (23) Giri,A (2783)-Nakamura,H (2746) St Petersburg 2018}) 5... g6 6. Nf3 {B01: Scandinavian Defence} Bg7 7. Bc4 O-O 8. O-O {White is slightly better.} b6 9. Qe2 Bb7 10. Bg5 $146 ({Predecessor:} 10. Rd1 a6 11. a4 Nc6 12. Bg5 Nb4 13. Bb3 {0-1 (55) Alonso Moyano,J (2404)-Garcia Jimenez,F (2281) Barcelona 2017}) 10... h6 11. Bh4 Nc6 12. Rad1 Na5 13. Bd3 e6 (13... Qc8 $14) 14. Ne4 $16 Rc8 15. b4 Nc6 16. c3 Nb8 17. Nxf6+ Bxf6 18. Bg3 Bg7 19. Rfe1 Nd7 20. Ba6 Bxa6 21. Qxa6 c6 22. c4 Ra8 23. Bd6 (23. d5 $16 exd5 24. cxd5) 23... Qc8 $11 24. Qa3 Rd8 25. Ne5 Nxe5 26. dxe5 a5 27. Rb1 axb4 28. Qxb4 Ra6 29. Re3 Qd7 30. Reb3 Rda8 31. Qe1 c5 (31... Bf8 $11) 32. Rxb6 $14 Rxb6 33. Rxb6 Rxa2 ({Better is} 33... Qa4 $14) 34. Qe4 Ra7 (34... Qa7 $16 {was necessary.} 35. Rb5 (35. Bxc5 Qc7 $11) 35... h5) 35. Rb5 h5 36. Kh2 f5 (36... Kh7 $142 37. Bxc5 Ra4) 37. Qe3 $18 Kh7 38. Rxc5 ({Much less strong is} 38. Bxc5 $6 Rc7 $14) 38... Qa4 39. Rc8 Rb7 {[#]} 40. Qd4 $1 Rb1 $2 (40... Rd7 $16 {is more resistant.} 41. Qe3 Qa6) 41. Rc7 Rd1 42. Qb2 {White threatens Qb7 and mate.} Kh6 {[#]} 43. Rxg7 $1 {[%mdl 512] White mates.} Kxg7 {[%mdl 4096] Endgame KQR-KQB} 44. Qb7+ Kg8 45. Qc8+ Kh7 46. Qc7+ Kg8 47. Qd8+ Kh7 48. Qe7+ {[%mdl 64] Double Attack} Kh6 49. Qf8+ {Accuracy: White = 73%, Black = 49%.} 1-0

[Event "17th Aeroflot Open-A 2019"]
[Site "Moscow"]
[Date "2019.02.26"]
[Round "8.25"]
[White "Sethuraman, S.P."]
[Black "Yakubboev, Nodirbek"]
[Result "0-1"]
[WhiteElo "2651"]
[BlackElo "2569"]
[Annotator "TA"]
[PlyCount "80"]
[EventDate "2019.02.19"]
[EventCountry "RUS"]
[SourceTitle "playchess.com"]
[Source "ChessBase"]
[SourceQuality "1"]

{[%evp 11,80,12,10,8,20,24,26,34,29,2,9,6,6,11,25,30,31,0,1,-35,-42,-51,0,-26,-16,-35,0,-47,-49,-39,-42,-65,-80,-93,-104,-115,-106,-119,-106,-110,-89,-127,-97,-110,-102,-138,-105,-129,-99,-164,-105,-199,-183,-222,-241,-233,-241,-303,-267,-345,-327,-395,-395,-491,-489,-686,-659,-29981,-29981,-29995,-29996]} 1. e4 c5 2. Nf3 d6 3. d4 cxd4 4. Nxd4 Nf6 5. Nc3 a6 6. g3 e5 7. Nf3 {B91: Sicilian Najdorf: 6 g3} (7. Nde2 Be7 8. Bg2 O-O 9. O-O b5 10. Nd5 Nbd7 11. Nec3 Nb6 12. Nxf6+ Bxf6 13. b3 Be6 14. Ba3 Qc7 15. Qd3 Rfc8 16. Bb4 a5 17. Nxb5 Qxc2 18. Qxc2 Rxc2 19. Bxd6 {½-½ (73) Vachier Lagrave,M (2778)-Wojtaszek,R (2749) Shenzhen 2018}) 7... h6 8. Bg2 Be6 9. O-O {White has an edge.} Nbd7 10. Nh4 $146 ({Predecessor:} 10. b3 Rc8 11. Bb2 b5 12. Re1 Be7 13. Qd2 O-O 14. Nh4 Qc7 {½-½ (60) Dutreeuw,M (2391)-Malisauskas,V (2495) Heraklio 2007}) 10... b5 {[%cal Bb7b5,Bb5b4][%mdl 32]} 11. a4 b4 12. Nd5 Bxd5 13. exd5 g6 14. Be3 a5 15. h3 Bg7 16. Qd2 Nb6 17. b3 Rc8 18. Rfe1 Kf8 19. Rad1 Kg8 20. Qe2 Nbd7 21. Qa6 Nc5 22. Qb5 {[#]} Kh7 $1 23. Bd2 Re8 24. Qe2 e4 25. Be3 Nfd7 26. f4 exf3 27. Qxf3 f5 28. Qf2 Qf6 29. Kh2 Qf7 30. g4 {[#]} (30. Bxc5 $17 {was necessary.} Nxc5 31. Nf3) 30... f4 $1 {[%mdl 512]} 31. Bd4 (31. Bd2 $17) (31. Bxf4 Rf8) 31... Bxd4 $19 32. Qxd4 Ne5 33. Rf1 Qf6 34. Qf2 Ncd7 35. Rde1 Rc3 36. Be4 {and the idea Bxg6+! leaves White hopeful.} Rf8 37. Ng2 {[%cal Rg2f4]} f3 38. Qa7 (38. Nh4 $142 Qg5 39. Kh1) 38... Rf7 {White must now prevent ...Nc5.} 39. Qxa5 f2 40. Re2 {[#]} Nxg4+ $1 {[%mdl 576] Clearance. Accuracy: White = 24%, Black = 79%.} 0-1

[Event "17th Aeroflot Open-A 2019"]
[Site "Moscow"]
[Date "2019.02.26"]
[Round "8.26"]
[White "Aryan Chopra"]
[Black "Ganguly, Surya Shekhar"]
[Result "0-1"]
[WhiteElo "2540"]
[BlackElo "2636"]
[Annotator "TA"]
[PlyCount "58"]
[EventDate "2019.02.19"]
[EventCountry "RUS"]
[SourceTitle "playchess.com"]
[Source "ChessBase"]
[SourceQuality "1"]

{[%evp 15,58,5,17,8,39,10,22,-35,0,0,0,0,0,-33,22,0,46,43,56,33,57,0,0,-47,-13,-86,-87,-130,-136,-135,-136,-155,-153,-251,-260,-246,-263,-274,-293,-1060,-989,-1047,-1006,-958,-939]} 1. e4 e6 2. d4 d5 3. Nc3 Nf6 4. e5 Nfd7 5. f4 c5 6. Nf3 Nc6 7. Be3 Be7 8. Qd2 a6 9. Nd1 {C11: French: Classical System: 4 e5 and 4 Bg5 dxe4} g5 $146 (9... b5 {feels hotter.} 10. Be2 c4 11. a3 a5 12. O-O Nb6) ({Predecessor:} 9... b5 10. c3 b4 11. Bd3 a5 12. O-O Ba6 13. f5 exf5 14. Bxa6 Rxa6 15. Qd3 Ncb8 16. Qxf5 O-O {1-0 (67) Tari,A (2625)-Sadzikowski,D (2534) Caleta 2019}) 10. fxg5 cxd4 11. Bxd4 ({Better is} 11. Bf4 $11) 11... Nxd4 (11... Bxg5 $5 12. Ne3 Bf4 $15) 12. Qxd4 Bxg5 13. Bd3 Be7 14. Qg4 Bf8 (14... Qb6 $15) 15. Qh5 Qa5+ 16. c3 Qb6 $1 17. Rf1 {Strongly threatening Nd4.} Nc5 18. Bc2 (18. Ng5 $1 $14 Nxd3+ 19. Kd2) 18... Bd7 $1 $11 19. Ng5 O-O-O 20. Nxf7 (20. b4 $1 $11 {remains equal.} Ne4 21. Bxe4 (21. Nxf7 Nxc3 22. a3 Nxd1 $17) (21. Nxe4 dxe4 22. a4 Bxb4 $17) 21... dxe4 22. Nxf7 {[%mdl 64] Double Attack} (22. Qxf7 $2 Bh6 $19)) 20... Be8 $17 21. Qh3 Bxf7 $1 22. Rxf7 Nd7 23. Qg3 h5 {[%mdl 1024] Black has strong compensation.} 24. Ba4 {[#]} (24. a4 $17 {is a better defense.}) 24... Nc5 $1 $19 25. Bc2 Bh6 26. Qf2 Rhf8 27. a4 $2 (27. Rf6 Qc7 28. Qe2 Rxf6 29. exf6) 27... Rxf7 {Black is clearly winning.} 28. Qxf7 Rf8 29. a5 Qb5 {Accuracy: White = 25%, Black = 71%.} ({Weaker is} 29... Rxf7 30. axb6 Nd7 31. Ra4 $17) 0-1